| 000 | 00427pab a2200157 454500 | ||
|---|---|---|---|
| 008 | 180718b2004 xxu||||| |||| 00| 0 eng d | ||
| 100 | _aBhagat, R.B. | ||
| 245 | _aDynamics of urban population growth by size class of towns and cities in India | ||
| 260 | _c2004 | ||
| 300 | _ap.47-67. | ||
| 362 | _aJan-Jun | ||
| 650 | _aIndia - Population | ||
| 650 | _aPopulation increase | ||
| 773 | _aDemocratic India | ||
| 909 | _a67257 | ||
| 999 |
_c67257 _d67257 |
||